ՀՀ Գիտությունների ազգային ակադեմիայի հիմնարար գիտական գրադարան  =   Fundamental Scientific Library of NAS RA

Ոստանիկ լեզուն / (Record no. 127022)

MARC details
000 -LEADER
fixed length control field 00726nam a2200205 a 4500
001 - CONTROL NUMBER
control field 000336772
003 - CONTROL NUMBER IDENTIFIER
control field AM-YEHGA
005 - DATE AND TIME OF LATEST TRANSACTION
control field 20250825133303.0
008 - FIXED-LENGTH DATA ELEMENTS--GENERAL INFORMATION
fixed length control field 040519s1920 it |||||||||||000|0|arm|d
040 ## - CATALOGING SOURCE
Original cataloging agency AM-YEHGA
041 1# - LANGUAGE CODE
Language code of text/sound track or separate title arm
100 1# - MAIN ENTRY--PERSONAL NAME
Personal name Ամիչիս, Էտմոնտոյ տէ
245 10 - TITLE STATEMENT
Title Ոստանիկ լեզուն /
Statement of responsibility, etc. Էտմոնտոյ տէ Ամիչիս ; Թարգմանաբար յօրինեց՝ Հ. Ալեքսիս Ա. Յովսէփեան.
260 ## - PUBLICATION, DISTRIBUTION, ETC.
Place of publication, distribution, etc. Վենետիկ :
Name of publisher, distributor, etc. Ա. հ.,
Date of publication, distribution, etc. 1920.
300 ## - PHYSICAL DESCRIPTION
Extent 312 էջ
440 #0 - SERIES STATEMENT/ADDED ENTRY--TITLE
Title Մատենագրութիւնք նախնեաց
650 14 - SUBJECT ADDED ENTRY--TOPICAL TERM
Topical term or geographic name entry element Մայրենի լեզու
700 1# - ADDED ENTRY--PERSONAL NAME
Personal name Յովսէփեան, Հ. Ալեքսիս Ա.
Relator term թարգմ.
Relationship trl
942 ## - ADDED ENTRY ELEMENTS (KOHA)
Source of classification or shelving scheme Universal Decimal Classification
Koha item type Գրքեր / Books
Holdings
Withdrawn status Lost status Damaged status Not for loan Collection Home library Current library Date acquired Total checkouts Full call number Barcode Date last seen Copy number Price effective from Koha item type Public note
        Gulbenkian Individual Collection Fundamental Scientific Library Fundamental Scientific Library 22/12/2016   Gulb/796 901000796 22/12/2016 371.398 22/12/2016 Գրքեր / Books ILL Non-Circ.
        Zhamkochyan Individual collection Fundamental Scientific Library Fundamental Scientific Library 22/05/2025   Ժամ/568 FL0690001 22/05/2025   22/05/2025 Գրքեր / Books ILL Non-Circ.


ՀՀ ԳԱԱ հիմնարար գիտական գրադարան
ՀՀ,Երևան 0019
Մարշալ Բաղրամյան 24/6
հեռախոս:(374-10) 52-47-50
Հետադարձ կապ

All site content, except where otherwise noted, is licensed under a
Creative Commons License